De Noormannen in Nederland. (Record no. 18589)

MARC details
000 -LEADER
fixed length control field 00801cam a22002291 4500
001 - CONTROL NUMBER
control field d 01000072
003 - CONTROL NUMBER IDENTIFIER
control field DLC
005 - DATE AND TIME OF LATEST TRANSACTION
control field 20260227111148.0
008 - FIXED-LENGTH DATA ELEMENTS--GENERAL INFORMATION
fixed length control field 791112m1834 ne 000 0 dut
010 ## - LIBRARY OF CONGRESS CONTROL NUMBER
LC control number d 01000072
035 ## - SYSTEM CONTROL NUMBER
System control number (OCoLC)5685624
040 ## - CATALOGING SOURCE
Original cataloging agency DLC
Transcribing agency NIC
Modifying agency DLC
050 00 - LIBRARY OF CONGRESS CALL NUMBER
Classification number DH156
Item number .B6
100 1# - MAIN ENTRY--PERSONAL NAME
Personal name Bolhuis, Joan Hugo van.
245 13 - TITLE STATEMENT
Title De Noormannen in Nederland.
Remainder of title Geschiedenis hunner invallen gedurende de negende, tiende en elfde eeuwen, met opgave van derzelver gevolgen, uit echte bronnen geput,
Statement of responsibility, etc. door J. H. van Bolhuis.
260 ## - PUBLICATION, DISTRIBUTION, ETC.
Place of publication, distribution, etc. Utrecht,
Name of publisher, distributor, etc. Van Paddenburg,
Date of publication, distribution, etc. 1834-35.
300 ## - PHYSICAL DESCRIPTION
Extent 2 v. in 1.
Dimensions 24 cm.
500 ## - GENERAL NOTE
General note 2. stuk: Bijlagen en bijvoegsels.
650 #0 - SUBJECT ADDED ENTRY--TOPICAL TERM
Topical term or geographic name entry element Vikings
Geographic subdivision Netherlands.
650 #0 - SUBJECT ADDED ENTRY--TOPICAL TERM
Topical term or geographic name entry element Northmen
Geographic subdivision Netherlands.
651 #0 - SUBJECT ADDED ENTRY--GEOGRAPHIC NAME
Geographic name Netherlands
General subdivision History
Chronological subdivision To 1384.

No items available.

Powered by Koha